La mama en imagen : (Registro nro. 3089)

Detalles MARC
000 -LEADER
campo de control de longitud fija 00715nam a22002417a 4500
001 - NÚMERO DE CONTROL
campo de control 3089
003 - IDENTIFICADOR DE NÚMERO DE CONTROL
campo de control HMS
005 - FECHA Y HORA DE LA ÚLTIMA TRANSACCIÓN
campo de control 20251223103237.0
008 - DATOS DE LONGITUD FIJA--INFORMACIÓN GENERAL
campo de control de longitud fija 251223b cl ||||| |||| 00| 0 spa d
020 ## - NÚMERO INTERNACIONAL ESTÁNDAR DEL LIBRO
Número Internacional Estándar del Libro 8471011417 (edición en español)
020 ## - NÚMERO INTERNACIONAL ESTÁNDAR DEL LIBRO
Número Internacional Estándar del Libro 0397507615
040 ## - FUENTE DE CATALOGACIÓN
Centro catalogador/agencia de origen hms
Lengua de catalogación spa
Centro/agencia transcriptor hms
050 04 - SIGNATURA TOPOGRÁFICA DE LA BIBLIOTECA DEL CONGRESO
Número de clasificación WP815 K83
100 1# - ENTRADA PRINCIPAL--NOMBRE DE PERSONA
Nombre de persona Kopans, Daniel B.
9 (RLIN) 5147
245 13 - MENCIÓN DEL TÍTULO
Título La mama en imagen :
Mención de responsabilidad, etc. Daniel B. Kopans M.D.
Medio [libro]
250 ## - MENCION DE EDICION
Mención de edición 1996 reimpresión
260 ## - PUBLICACIÓN, DISTRIBUCIÓN, ETC.
Lugar de publicación, distribución, etc. Madrid, España :
Nombre del editor, distribuidor, etc. Marban Libros,
Fecha de publicación, distribución, etc. c 1996
300 ## - DESCRIPCIÓN FÍSICA
Extensión xiii, 373 páginas :
Otras características físicas ilustraciones ;
Dimensiones 29 cm.
500 ## - NOTA GENERAL
Nota general Mamografía -- Ecografía
500 ## - NOTA GENERAL
Nota general Incluye índice
650 #7 - PUNTO DE ACCESO ADICIONAL DE MATERIA--TÉRMINO DE MATERIA
Término de materia o nombre geográfico como elemento de entrada Mamografía
9 (RLIN) 5148
942 ## - ELEMENTOS DE ENTRADA SECUNDARIOS (KOHA)
Fuente del sistema de clasificación o colocación The National Library of Medicine
Tipo de ítem Koha Colección Médica
Suprimir en OPAC No
Existencias
Estatus retirado Estado de pérdida Fuente del sistema de clasificación o colocación Estado de daño No para préstamo Colección Biblioteca de origen Biblioteca actual Ubicación en estantería Fecha de adquisición Número de inventario Total de préstamos Signatura topográfica completa Código de barras Visto por última vez Copia número Precio de reemplazo Tipo de ítem Koha
    Clasificación Decimal Dewey     Colección General Biblioteca Hospital Militar de Santiago Biblioteca Hospital Militar de Santiago Exhibido 23/12/2025 000677   WP815 K83 1ªed 1996 000677 23/12/2025 c.1 23/12/2025 Colección Patrimonial


Biblioteca Hospital Militar de Santiago / Av. Alcalde Fernando Castillo Velasco 9100
Teléfono: 22 331 7229 / E-mail: biblioteca@hms.cl
Horarios de Atención
Lunes a Viernes de: 08:00 a 13:00 hrs / 14:00 a 17:00 hrs